[Event "Deutsche Ländermeisterschaft 2014"]
[Site "Hannover GER"]
[Date "2014.10.03"]
[Round "1"]
[White "Krause, Benedict"]
[Black "Urban, Lars"]
[Result "1/2-1/2"]
[Termination "normal"]
[Board "6.1"]
[WhiteElo "2339"]
[BlackElo "2174"]
[WhiteTeam "Schleswig-Holstein"]
[BlackTeam "Thüringen"]
[PlyCount "119"]
[WhiteFideId "12917990"]
[BlackFideId "4644034"]
[EventCountry "GER"]
[EventRounds "7"]
[EventType "team-swiss"]
[EventDate "2014.10.02"]

1. e4 e6 2. d4 d5 3. Nc3 Nf6 4. e5 Nfd7 5. f4 c5 6. Nf3 Nc6 7. Be3 Be7 8. Qd2
O-O 9. Be2 a6 10. O-O b5 11. a3 Qb6 12. Nd1 a5 13. c3 a4 14. Bd3 Na5 15. Qe2
Nc4 16. Bf2 cxd4 17. Bxd4 Qc7 18. Ne3 Nc5 19. Bc2 Nxe3 20. Qxe3 Bb7 21. g4 f6
22. exf6 gxf6 23. g5 Ne4 24. gxf6 Bxf6 25. Ne5 Kh8 26. Kh1 Rg8 27. Rg1 Rxg1+
28. Rxg1 Rg8 29. Ng4 Bxd4 30. Qxd4+ Qg7 31. Qxg7+ Rxg7 32. Bxe4 dxe4 33. Ne3
Rf7 34. Rf1 Kg8 35. Kg2 Kf8 36. Kg3 Ke7 37. f5 exf5 38. Rxf5 Rxf5 39. Nxf5+ Ke6
40. Kf4 Kd5 41. Ne3+ Ke6 42. h4 Kf6 43. Nf5 Kg6 44. Ng3 Bc6 45. Ke5 e3 46. Kf4
Kf6 47. Kxe3 Ke5 48. Ne2 Bd5 49. Nd4 Bc4 50. Kf3 h5 51. Ke3 Bf1 52. Kf3 Bc4 53.
Nc2 Bd3 54. Ne3 Be4+ 55. Kg3 Bc6 56. Kf2 Kf4 57. c4 bxc4 58. Nxc4 Bd5 59. Ne3
Bb3 60. Ke2 1/2-1/2

[Event "Deutsche Ländermeisterschaft 2014"]
[Site "Hannover GER"]
[Date "2014.10.03"]
[Round "1"]
[White "Hoffmann, Tim"]
[Black "Krause, Jonah"]
[Result "0-1"]
[Termination "normal"]
[Board "6.2"]
[WhiteElo "2013"]
[BlackElo "2148"]
[WhiteTeam "Thüringen"]
[BlackTeam "Schleswig-Holstein"]
[PlyCount "246"]
[WhiteFideId "12900338"]
[BlackFideId "12907910"]
[EventCountry "GER"]
[EventRounds "7"]
[EventType "team-swiss"]
[EventDate "2014.10.02"]

1. e4 c6 2. d4 d5 3. e5 Bf5 4. Nf3 e6 5. Be2 Nd7 6. Nbd2 Bg6 7. Nb3 Nh6 8. O-O
Nf5 9. a4 a6 10. a5 c5 11. c3 Rc8 12. dxc5 Bxc5 13. Nxc5 Nxc5 14. Nd4 O-O 15.
Nxf5 Bxf5 16. Be3 Bg6 17. Bd4 Qc7 18. f4 Ne4 19. Bd3 Qd7 20. Bxe4 Bxe4 21. b4
f5 22. h3 h6 23. Kh2 Kh7 24. g3 Rg8 25. Rg1 g5 26. fxg5 Rxg5 27. Qd2 Rg6 28.
Raf1 Rcg8 29. Rf4 Qg7 30. Qf2 Qe7 31. Bc5 Qe8 32. Bd4 R8g7 33. Be3 Qb5 34. Bd4
Kg8 35. Bc5 Kf7 36. Bb6 Kg8 37. Ba7 Kh7 38. Bb6 d4 39. Bxd4 Bc6 40. Bc5 Qd3 41.
Bd4 Qc4 42. Qf1 Qa2+ 43. Qf2 Qd5 44. Qf1 Qb3 45. Qf2 Kg8 46. Qe2 Qd5 47. Qf1
Bb5 48. Qf2 Rg5 49. Qf3 Qd7 50. Qf2 Qe8 51. Qf3 Bc6 52. Qe2 Kh7 53. Bf2 Rd7 54.
Bd4 Rg6 55. Qe3 Rdg7 56. Qf2 Be4 57. Bc5 Qb5 58. Bd4 Rd7 59. Qe3 Bc6 60. Qf2
Qd3 61. Qe3 Qc4 62. Qf2 Rg8 63. Re1 Qd3 64. Qe3 Qc2+ 65. Qf2 Qb3 66. Qe3 Qd5
67. Qf2 Rdg7 68. Rg1 Rxg3 69. Qxg3 Rxg3 70. Kxg3 Qc4 71. Kh2 Qe2+ 72. Rf2 Qe4
73. Rgg2 f4 74. Rg1 Qf5 75. Rg4 f3 76. Rg3 Qf4 77. h4 Qxh4+ 78. Rh3 Qf4+ 79.
Kg1 Qg4+ 80. Kh2 Qf4+ 81. Kg1 Kg6 82. Rfh2 Kf7 83. Kf2 Qd2+ 84. Kg3 Qe1+ 85.
Kf4 Qc1+ 86. Kg3 Qg5+ 87. Kf2 Qd2+ 88. Kg3 Qg5+ 89. Kf2 Be4 90. Rxh6 Bf5 91.
Be3 Qg7 92. Rf6+ Ke7 93. Kxf3 Qg4+ 94. Kf2 Kd7 95. Rh8 Kc6 96. c4 Bd3 97. b5+
axb5 98. cxb5+ Kxb5 99. Rf3 Be4 100. Rg3 Qf5+ 101. Ke2 Qxe5 102. Rg5 Bf5 103.
Rc8 Qh2+ 104. Kd1 Kxa5 105. Bd2+ Ka4 106. Rc4+ Kb5 107. Rc3 Qh1+ 108. Ke2 Qe4+
109. Kd1 e5 110. Rb3+ Kc5 111. Rc3+ Kd4 112. Rg8 Bg4+ 113. Kc1 Be6 114. Rd8+
Bd5 115. Kb2 Qe2 116. Kc2 b5 117. Re3 Qc4+ 118. Kd1 b4 119. Rg3 Qc7 120. Rxd5+
Kxd5 121. Bxb4 e4 122. Rg5+ Kd4 123. Bc5+ Kd3 0-1

[Event "Deutsche Ländermeisterschaft 2014"]
[Site "Hannover GER"]
[Date "2014.10.03"]
[Round "1"]
[White "Kololli, Kevin"]
[Black "Zahn, Alina"]
[Result "1-0"]
[Termination "normal"]
[Board "6.3"]
[WhiteElo "2161"]
[BlackElo "2024"]
[WhiteTeam "Schleswig-Holstein"]
[BlackTeam "Thüringen"]
[PlyCount "77"]
[WhiteFideId "12936863"]
[BlackFideId "24696730"]
[EventCountry "GER"]
[EventRounds "7"]
[EventType "team-swiss"]
[EventDate "2014.10.02"]

1. e4 e5 2. Nf3 Nc6 3. Bc4 Nf6 4. d4 exd4 5. O-O Nxe4 6. Re1 d5 7. Bxd5 Qxd5 8.
Nc3 Qd7 9. Nxe4 Be7 10. Bg5 O-O 11. Bxe7 Qxe7 12. Nxd4 Bd7 13. Qh5 Qb4 14. Nb3
Rae8 15. c3 Qc4 16. Nbc5 Re5 17. Ng5 h6 18. Nxd7 Rxg5 19. Qf3 Rd8 20. Rad1 Qb5
21. b3 Qf5 22. Qxf5 Rxf5 23. f3 f6 24. Kf2 Kf7 25. g4 Ra5 26. Rd2 Re8 27. Rxe8
Kxe8 28. f4 Ne7 29. c4 b6 30. Nb8 Ra3 31. Ke3 Ra5 32. h4 h5 33. Kf3 hxg4+ 34.
Kxg4 b5 35. Re2 Kd8 36. Rxe7 Kxe7 37. Nc6+ Kd6 38. Nxa5 b4 39. Kf5 1-0

[Event "Deutsche Ländermeisterschaft 2014"]
[Site "Hannover GER"]
[Date "2014.10.03"]
[Round "1"]
[White "Nguyen, Huy Dat"]
[Black "Kololli, Martin"]
[Result "1-0"]
[Termination "normal"]
[Board "6.4"]
[WhiteElo "1952"]
[BlackElo "2200"]
[WhiteTeam "Thüringen"]
[BlackTeam "Schleswig-Holstein"]
[PlyCount "91"]
[WhiteFideId "12923486"]
[BlackFideId "12936910"]
[EventCountry "GER"]
[EventRounds "7"]
[EventType "team-swiss"]
[EventDate "2014.10.02"]

1. e4 e5 2. Nf3 Nc6 3. Bb5 a6 4. Ba4 Nf6 5. O-O Be7 6. Re1 b5 7. Bb3 d6 8. c3
O-O 9. h3 Na5 10. Bc2 c5 11. d4 Qc7 12. d5 Re8 13. Nbd2 Bf8 14. Nf1 g6 15. b3
Bg7 16. Ng3 Bd7 17. Bd2 h6 18. Nh2 Kh7 19. Ng4 Ng8 20. Ne3 Ne7 21. h4 h5 22.
Ngf5 gxf5 23. Qxh5+ Kg8 24. exf5 f6 25. Be4 Red8 26. Qf3 Kf7 27. Qh5+ Kg8 28.
Qf3 Rf8 29. Ng4 Qc8 30. Ne3 Bh6 31. g4 Bf4 32. Kf1 Kf7 33. Ke2 Rh8 34. Rh1 c4
35. b4 Nb7 36. Rag1 a5 37. g5 fxg5 38. hxg5 Bxe3 39. g6+ Kf6 40. Bxe3 Nxf5 41.
Rxh8 Qxh8 42. Bxf5 Bxf5 43. Bg5+ Kg7 44. Qxf5 Qh5+ 45. Ke3 Rf8 46. Bf6+ 1-0

[Event "Deutsche Ländermeisterschaft 2014"]
[Site "Hannover GER"]
[Date "2014.10.03"]
[Round "1"]
[White "Kopylov, Daniel"]
[Black "Scheftlein, Richard"]
[Result "0-1"]
[Termination "normal"]
[Board "6.5"]
[WhiteElo "1851"]
[BlackElo "1999"]
[WhiteTeam "Schleswig-Holstein"]
[BlackTeam "Thüringen"]
[PlyCount "160"]
[WhiteFideId "12921971"]
[BlackFideId "12945609"]
[EventCountry "GER"]
[EventRounds "7"]
[EventType "team-swiss"]
[EventDate "2014.10.02"]

1. e4 e6 2. d4 d5 3. Nd2 Nc6 4. c3 e5 5. Ngf3 exd4 6. cxd4 dxe4 7. Nxe4 Bf5 8.
Ng3 Bb4+ 9. Bd2 Qe7+ 10. Be2 Bd3 11. Bxb4 Qxb4+ 12. Qd2 Qxd2+ 13. Kxd2 Bxe2 14.
Nxe2 Nf6 15. Nc3 O-O-O 16. Kd3 Ng4 17. Rhf1 Nxd4 18. Nxd4 c5 19. Ncb5 cxd4 20.
Nxd4 Nxh2 21. Rfc1+ Kb8 22. f3 Rd6 23. Rc4 Rg6 24. Rc2 Rc8 25. Rxc8+ Kxc8 26.
Rg1 h5 27. Ke3 h4 28. Nf5 Re6+ 29. Kf2 Rf6 30. Ne7+ Kd7 31. Nd5 Ng4+ 32. Ke2
Re6+ 33. Kd3 Ne5+ 34. Ke4 Nc6+ 35. Kf4 Re2 36. b4 Rxa2 37. Rd1 Kc8 38. b5 Ra4+
39. Ke3 Ne5 40. f4 Ng6 41. b6 Ra3+ 42. Ke4 axb6 43. f5 Nf8 44. Rc1+ Kd8 45.
Nxb6 Nh7 46. Rc8+ Ke7 47. Rc7+ Kd6 48. Rc2 Nf6+ 49. Kf4 Rb3 50. Rd2+ Kc6 51.
Nc8 Rb4+ 52. Kf3 Nd5 53. Rc2+ Kd7 54. Rd2 Rf4+ 55. Ke2 Rxf5 56. Nb6+ Kc6 57.
Nxd5 Rxd5 58. Rc2+ Rc5 59. Ra2 Rd5 60. Rc2+ Kd7 61. Rb2 b5 62. Ra2 Ke6 63. Ra6+
Rd6 64. Ra8 Rb6 65. Rh8 g5 66. Kd3 b4 67. Kc2 b3+ 68. Kb2 Kf5 69. Rc8 Kg4 70.
Rc3 f5 71. Rd3 Kf4 72. Rd4+ Ke5 73. Rd8 Ke4 74. Rg8 g4 75. Rh8 h3 76. gxh3 g3
77. h4 f4 78. h5 f3 79. h6 g2 80. Rg8 Rxh6 0-1

[Event "Deutsche Ländermeisterschaft 2014"]
[Site "Hannover GER"]
[Date "2014.10.03"]
[Round "1"]
[White "Ratay, Meike"]
[Black "Köhler, Inken"]
[Result "0-1"]
[Termination "normal"]
[Board "6.6"]
[WhiteElo "1575"]
[BlackElo "1718"]
[WhiteTeam "Thüringen"]
[BlackTeam "Schleswig-Holstein"]
[PlyCount "90"]
[WhiteFideId "12977608"]
[BlackFideId "12929301"]
[EventCountry "GER"]
[EventRounds "7"]
[EventType "team-swiss"]
[EventDate "2014.10.02"]

1. d4 d5 2. c4 c6 3. cxd5 cxd5 4. Nc3 Nc6 5. Bf4 Nf6 6. e3 Bf5 7. Nf3 e6 8. Be2
Qb6 9. Qd2 Bb4 10. a3 Be7 11. Nb5 Rc8 12. b4 O-O 13. Nc3 Nxb4 14. Rc1 Nc2+ 15.
Kf1 Bxa3 16. Rd1 Bb4 17. Na4 Qa5 18. Qc1 Qxa4 19. Qb2 Na3 20. Rc1 Rxc1+ 21.
Qxc1 Qc2 22. Qxc2 Bxc2 23. Ne5 Rc8 24. f3 Nh5 25. Bg3 Nxg3+ 26. hxg3 Bd2 27.
Kf2 Nc4 28. Nxc4 dxc4 29. Ra1 Bb3 30. Rxa7 c3 31. Bd3 c2 32. Bxc2 Bxc2 33. Rxb7
g6 34. Ke2 Ba5 35. Rb5 Bd8 36. Rb2 Ba4 37. Kd3 Bc7 38. Rb4 Bc2+ 39. Ke2 Bxg3
40. Rb2 Ba4 41. Kd2 Kg7 42. f4 Bc6 43. Rb1 Be4 44. Rc1 Rxc1 45. Kxc1 Bxg2 0-1

[Event "Deutsche Ländermeisterschaft 2014"]
[Site "Hannover GER"]
[Date "2014.10.03"]
[Round "1"]
[White "Rosmait, Emily"]
[Black "Grund, Sebastian"]
[Result "1/2-1/2"]
[Termination "normal"]
[Board "6.7"]
[WhiteElo "1821"]
[BlackElo "1791"]
[WhiteTeam "Schleswig-Holstein"]
[BlackTeam "Thüringen"]
[PlyCount "134"]
[WhiteFideId "12937754"]
[BlackFideId "12988626"]
[EventCountry "GER"]
[EventRounds "7"]
[EventType "team-swiss"]
[EventDate "2014.10.02"]

1. e4 c5 2. Nf3 e6 3. d4 cxd4 4. Nxd4 a6 5. Be3 Nf6 6. f3 Qc7 7. Be2 Bc5 8. Qd2
b5 9. O-O Qa7 10. e5 Nd5 11. Bf2 Qc7 12. f4 Bb7 13. Nc3 d6 14. Ne4 Nd7 15.
Nxd6+ Bxd6 16. exd6 Qxd6 17. Bg3 N5f6 18. Rad1 Ne4 19. Qe3 Qb6 20. Kh1 Nxg3+
21. Qxg3 g6 22. Rd2 Rd8 23. Rfd1 Nf6 24. Bf3 O-O 25. Bxb7 Qxb7 26. Rd3 Ne4 27.
Qf3 Nc5 28. Qxb7 Nxb7 29. Nc6 Rxd3 30. Rxd3 Kg7 31. Kg1 Rc8 32. Nd4 Nc5 33. Rc3
Rd8 34. Rxc5 Rxd4 35. g3 Rd1+ 36. Kg2 Ra1 37. a3 Ra2 38. b3 Rxa3 39. Kf3 b4 40.
Ke3 a5 41. Kd4 Ra2 42. h4 h5 43. Kd3 Ra1 44. Re5 Kf6 45. Kc4 Ra2 46. Kd3 Ke7
47. Re4 Ra1 48. Kc4 Kd6 49. Kb5 f6 50. Rc4 Kd5 51. Rc8 e5 52. Rc5+ Kd4 53. Rc4+
Ke3 54. fxe5 fxe5 55. Rc6 e4 56. Rxg6 Kf2 57. Kc4 e3 58. Rf6+ Kxg3 59. Kd3 Re1
60. Rf5 Kxh4 61. Rxa5 Kg4 62. Ra8 e2 63. Rg8+ Kf3 64. Rf8+ Kg3 65. Rg8+ Kf3 66.
Rf8+ Kg3 67. Rg8+ Kf3 1/2-1/2

[Event "Deutsche Ländermeisterschaft 2014"]
[Site "Hannover GER"]
[Date "2014.10.03"]
[Round "1"]
[White "Geletzke, Hannah"]
[Black "Schönweiler, Elisabeth"]
[Result "1-0"]
[Termination "normal"]
[Board "6.8"]
[WhiteElo "1251"]
[BlackElo "1249"]
[WhiteTeam "Thüringen"]
[BlackTeam "Schleswig-Holstein"]
[PlyCount "59"]
[WhiteFideId "12983330"]
[BlackFideId "12997005"]
[EventCountry "GER"]
[EventRounds "7"]
[EventType "team-swiss"]
[EventDate "2014.10.02"]

1. e4 c5 2. Nf3 d6 3. d4 cxd4 4. Nxd4 Nf6 5. Nc3 g6 6. Bc4 e6 7. Nf3 Nc6 8. h3
a6 9. Be3 b5 10. Bd3 Bg7 11. Qd2 O-O 12. Bh6 d5 13. exd5 Nxd5 14. O-O Nxc3 15.
Bxg7 Ne2+ 16. Qxe2 Kxg7 17. Be4 Qc7 18. Qe3 Ra7 19. Qc3+ Kg8 20. Qxc6 Qxc6 21.
Bxc6 Rc7 22. Be4 Bb7 23. Bxb7 Rxb7 24. Rfd1 f6 25. Rd6 a5 26. Rxe6 Kg7 27. Rd6
h5 28. Nd4 Re8 29. Ne6+ Kf7 30. Nd8+ 1-0

[Event "Deutsche Ländermeisterschaft 2014"]
[Site "Hannover GER"]
[Date "2014.10.03"]
[Round "1"]
[White "Schröder, Jan-Christian"]
[Black "Baskin, Robert"]
[Result "1-0"]
[Termination "normal"]
[Board "7.1"]
[WhiteTitle "FM"]
[WhiteElo "2388"]
[BlackElo "2170"]
[WhiteTeam "Hessen 1"]
[BlackTeam "Hessen 2"]
[PlyCount "69"]
[WhiteFideId "24662259"]
[BlackFideId "24662402"]
[EventCountry "GER"]
[EventRounds "7"]
[EventType "team-swiss"]
[EventDate "2014.10.02"]

1. e4 c5 2. Nf3 Nc6 3. d4 cxd4 4. Nxd4 e5 5. Nb5 a6 6. Nd6+ Bxd6 7. Qxd6 Qe7 8.
Qd1 Nf6 9. Nc3 d6 10. Bg5 Be6 11. Nd5 Bxd5 12. exd5 Nb8 13. Be2 O-O 14. c4 Nbd7
15. O-O a5 16. Rc1 h6 17. Be3 Ne4 18. f3 Nec5 19. b3 f5 20. a3 a4 21. b4 Nb3
22. Rc3 Rf6 23. Qe1 Rg6 24. Bd1 Rc8 25. Kh1 Qf7 26. Bc2 Rf6 27. Qd1 b5 28. Bxb3
axb3 29. Qxb3 f4 30. Bg1 Rg6 31. cxb5 Rxc3 32. Qxc3 Qxd5 33. Qc8+ Nf8 34. b6
Qb5 35. Rc1 1-0

[Event "Deutsche Ländermeisterschaft 2014"]
[Site "Hannover GER"]
[Date "2014.10.03"]
[Round "1"]
[White "Grimm, Julius"]
[Black "Hahn, Markus"]
[Result "1/2-1/2"]
[Termination "normal"]
[Board "7.2"]
[WhiteElo "2026"]
[BlackElo "2225"]
[WhiteTeam "Hessen 2"]
[BlackTeam "Hessen 1"]
[PlyCount "75"]
[WhiteFideId "12916986"]
[BlackFideId "24654647"]
[EventCountry "GER"]
[EventRounds "7"]
[EventType "team-swiss"]
[EventDate "2014.10.02"]

1. d4 e6 2. c4 f5 3. Nf3 Nf6 4. Nc3 Bb4 5. Bd2 O-O 6. g3 d6 7. Bg2 Bxc3 8. Bxc3
Ne4 9. Rc1 Nxc3 10. Rxc3 Qf6 11. O-O c6 12. c5 e5 13. cxd6 e4 14. Ne5 Qxd6 15.
Qb3+ Qe6 16. f3 Qxb3 17. Rxb3 exf3 18. Bxf3 Rd8 19. e3 g6 20. Rc1 a5 21. d5 Ra6
22. dxc6 Nxc6 23. Bxc6 bxc6 24. Nxc6 Re8 25. Ne7+ Rxe7 26. Rxc8+ Kg7 27. Kf2 a4
28. Rbc3 Rb6 29. b3 axb3 30. axb3 Reb7 31. R8c7+ Rxc7 32. Rxc7+ Kf6 33. Rc3 g5
34. Ke2 Ke5 35. Rc5+ Kf6 36. Rc3 Ke5 37. Rd3 Rh6 38. h4 1/2-1/2

[Event "Deutsche Ländermeisterschaft 2014"]
[Site "Hannover GER"]
[Date "2014.10.03"]
[Round "1"]
[White "Galkin, Wladislaw"]
[Black "Stabernack, Joschi"]
[Result "1-0"]
[Termination "normal"]
[Board "7.3"]
[WhiteElo "2099"]
[BlackElo "2061"]
[WhiteTeam "Hessen 1"]
[BlackTeam "Hessen 2"]
[PlyCount "69"]
[WhiteFideId "4603192"]
[BlackFideId "12937258"]
[EventCountry "GER"]
[EventRounds "7"]
[EventType "team-swiss"]
[EventDate "2014.10.02"]

1. c4 e5 2. g3 Nf6 3. Bg2 Nc6 4. Nc3 g6 5. d3 Bg7 6. e4 d6 7. Nge2 Nd4 8. O-O
O-O 9. h3 c6 10. f4 Ne8 11. Kh2 Nc7 12. Nxd4 exd4 13. Ne2 f5 14. b4 fxe4 15.
Bxe4 d5 16. cxd5 Nxd5 17. g4 Qd6 18. Bxd5+ Qxd5 19. Ng3 a5 20. bxa5 Rxa5 21. a4
b5 22. Bd2 Ra8 23. Ne4 c5 24. axb5 Rxa1 25. Qxa1 c4 26. Bb4 Re8 27. Re1 Bd7 28.
Qa2 Bxb5 29. dxc4 Qf7 30. Bd6 Bxc4 31. Nf6+ Bxf6 32. Rxe8+ Qxe8 33. Qxc4+ Qf7
34. Qb5 Qe6 35. Qb8+ 1-0

[Event "Deutsche Ländermeisterschaft 2014"]
[Site "Hannover GER"]
[Date "2014.10.03"]
[Round "1"]
[White "Spitzl, Vinzent"]
[Black "Tran, My Linh"]
[Result "0-1"]
[Termination "normal"]
[Board "7.4"]
[WhiteElo "1964"]
[BlackElo "2053"]
[WhiteTeam "Hessen 2"]
[BlackTeam "Hessen 1"]
[PlyCount "82"]
[WhiteFideId "12901253"]
[BlackFideId "24682462"]
[EventCountry "GER"]
[EventRounds "7"]
[EventType "team-swiss"]
[EventDate "2014.10.02"]

1. e4 e5 2. Nf3 Nc6 3. Bb5 a6 4. Ba4 Nf6 5. O-O b5 6. Bb3 Bb7 7. Re1 Bc5 8. c3
d6 9. d4 Bb6 10. a4 h6 11. Bc2 O-O 12. d5 Ne7 13. Be3 Bxe3 14. Rxe3 Ng4 15. Re2
f5 16. b3 f4 17. Nbd2 Nf6 18. Ne1 g5 19. f3 Ng6 20. Bd3 Qd7 21. Nf1 h5 22. Rea2
Rab8 23. axb5 axb5 24. Qe2 Bc8 25. Ra5 b4 26. Bb5 Qg7 27. cxb4 g4 28. R1a2 g3
29. h3 Nh7 30. Ba6 Bd7 31. Bb5 Bc8 32. Ba6 Bd7 33. Rc2 Bxh3 34. gxh3 Ng5 35.
Qg2 Nh4 36. Qh1 Qd7 37. Nd2 Nxh3+ 38. Kf1 Rf7 39. Ke2 Rg7 40. Kd1 g2 41. Nxg2
Nf2+ 0-1

[Event "Deutsche Ländermeisterschaft 2014"]
[Site "Hannover GER"]
[Date "2014.10.03"]
[Round "1"]
[White "Nothnagel, Marian Can"]
[Black "Wilke, Tabea"]
[Result "1-0"]
[Termination "normal"]
[Board "7.5"]
[WhiteElo "1827"]
[BlackElo "1750"]
[WhiteTeam "Hessen 1"]
[BlackTeam "Hessen 2"]
[PlyCount "55"]
[WhiteFideId "12921530"]
[BlackFideId "12910015"]
[EventCountry "GER"]
[EventRounds "7"]
[EventType "team-swiss"]
[EventDate "2014.10.02"]

1. e4 c5 2. Nf3 Nc6 3. Bb5 e6 4. Bxc6 bxc6 5. O-O Ne7 6. d3 Ng6 7. Nc3 d6 8.
Qe2 Be7 9. Ne1 e5 10. g3 O-O 11. Ng2 f5 12. f3 Rb8 13. b3 Nh8 14. Bd2 Nf7 15.
Ne3 Ng5 16. Nxf5 Bxf5 17. exf5 Rxf5 18. Ne4 Ne6 19. c3 Qf8 20. Kg2 Qf7 21. Be3
Rf8 22. Nd2 Qg6 23. Kh1 Ng5 24. h4 Qh5 25. Kg2 Nxf3 26. Rxf3 Rxf3 27. Nxf3 Bxh4
28. Rh1 1-0

[Event "Deutsche Ländermeisterschaft 2014"]
[Site "Hannover GER"]
[Date "2014.10.03"]
[Round "1"]
[White "Krastev, Alexander"]
[Black "Poetsch, Leonore"]
[Result "1-0"]
[Termination "normal"]
[Board "7.6"]
[WhiteElo "1689"]
[BlackElo "1541"]
[WhiteTeam "Hessen 2"]
[BlackTeam "Hessen 1"]
[PlyCount "107"]
[WhiteFideId "12989983"]
[BlackFideId "12940372"]
[EventCountry "GER"]
[EventRounds "7"]
[EventType "team-swiss"]
[EventDate "2014.10.02"]

1. e4 e6 2. d4 d5 3. e5 c5 4. c3 Nc6 5. Nf3 Qb6 6. Bd3 cxd4 7. cxd4 Bd7 8. Bc2
Nb4 9. Bb3 Bb5 10. Ba4 Rc8 11. Nc3 Bxa4 12. Qxa4+ Qc6 13. Qxc6+ bxc6 14. Kd2 c5
15. a3 Nc6 16. Re1 cxd4 17. Nb5 Nh6 18. Kd3 Ng4 19. Re2 a6 20. Nbxd4 Nxd4 21.
Nxd4 h5 22. b4 Be7 23. Bd2 Kd7 24. h3 Nh6 25. Be3 g6 26. Nb3 Rc6 27. Bc5 Nf5
28. Rc2 Rhc8 29. Rac1 Ra8 30. g4 hxg4 31. hxg4 Nh6 32. f3 Bg5 33. Rh1 Ng8 34.
Rh7 Ke8 35. Rh8 Kd7 36. Rch2 Rac8 37. R2h7 Nh6 38. Rxh6 Bxh6 39. Rxh6 R8c7 40.
Nd4 Rxc5 41. bxc5 Rxc5 42. Rh8 Rc4 43. Rb8 Ra4 44. Rb3 Kc7 45. Rc3+ Kd7 46. Nb3
Ke7 47. Nc5 Ra5 48. a4 g5 49. Kc2 f6 50. exf6+ Kxf6 51. Kb3 d4 52. Rc1 d3 53.
Kb4 Rxc5 54. Kxc5 1-0

[Event "Deutsche Ländermeisterschaft 2014"]
[Site "Hannover GER"]
[Date "2014.10.03"]
[Round "1"]
[White "Stork, Oliver"]
[Black "Reinecke, Katharina"]
[Result "1-0"]
[Termination "normal"]
[Board "7.7"]
[WhiteElo "1752"]
[BlackElo "1647"]
[WhiteTeam "Hessen 1"]
[BlackTeam "Hessen 2"]
[PlyCount "33"]
[WhiteFideId "12955728"]
[BlackFideId "12929727"]
[EventCountry "GER"]
[EventRounds "7"]
[EventType "team-swiss"]
[EventDate "2014.10.02"]

1. c4 c6 2. Nf3 Nf6 3. d4 d5 4. e3 e6 5. Nc3 Be7 6. Bd3 Nbd7 7. Qc2 O-O 8. O-O
dxc4 9. Bxc4 b5 10. Bd3 a6 11. Ne5 Bb7 12. Ne4 Rc8 13. Ng5 g6 14. Nxg6 hxg6 15.
Bxg6 fxg6 16. Qxg6+ Kh8 17. Nxe6 1-0

[Event "Deutsche Ländermeisterschaft 2014"]
[Site "Hannover GER"]
[Date "2014.10.03"]
[Round "1"]
[White "Bürmann, Theresia"]
[Black "Flach, Helene"]
[Result "0-1"]
[Termination "normal"]
[Board "7.8"]
[WhiteElo "1253"]
[BlackElo "1649"]
[WhiteTeam "Hessen 2"]
[BlackTeam "Hessen 1"]
[PlyCount "100"]
[WhiteFideId "12960241"]
[BlackFideId "12929735"]
[EventCountry "GER"]
[EventRounds "7"]
[EventType "team-swiss"]
[EventDate "2014.10.02"]

1. e4 e5 2. Nf3 Nc6 3. Bc4 Bc5 4. O-O d6 5. c3 Nf6 6. d3 Bg4 7. h3 Be6 8. Nbd2
h6 9. Bxe6 fxe6 10. Nb3 Bb6 11. Re1 Qd7 12. d4 exd4 13. Nbxd4 O-O-O 14. Qc2
Rhf8 15. Be3 Nh5 16. Rf1 Nf4 17. Nxc6 Qxc6 18. Bxb6 Qxb6 19. Qb3 Qxb3 20. axb3
Nxh3+ 21. gxh3 Rxf3 22. Kg2 Rf4 23. Rxa7 Rxe4 24. Kf3 Re5 25. Kg3 b6 26. f4
Re3+ 27. Kg4 Kd7 28. Rf3 Rxf3 29. Kxf3 Rf8 30. Kg3 Rf5 31. c4 Ra5 32. Rxa5 bxa5
33. Kf3 Ke7 34. h4 Kf6 35. Kg4 d5 36. h5 d4 37. Kf3 Kf5 38. c5 e5 39. fxe5 Kxe5
40. Kf2 Ke4 41. Ke2 d3+ 42. Kd2 c6 43. Kd1 Ke3 44. Ke1 d2+ 45. Kd1 Kd3 46. b4
axb4 47. b3 Kc3 48. Ke2 Kc2 49. Ke3 d1=Q 50. Kf4 Qxh5 0-1

[Event "Deutsche Ländermeisterschaft 2014"]
[Site "Hannover GER"]
[Date "2014.10.03"]
[Round "1"]
[White "Zimmermann, Ulrich"]
[Black "Weber, Max"]
[Result "1/2-1/2"]
[Termination "normal"]
[Board "8.1"]
[WhiteElo "2353"]
[BlackElo "2188"]
[WhiteTeam "Württemberg"]
[BlackTeam "Mecklenburg-Vorpommern"]
[PlyCount "63"]
[WhiteFideId "24654523"]
[BlackFideId "4624831"]
[EventCountry "GER"]
[EventRounds "7"]
[EventType "team-swiss"]
[EventDate "2014.10.02"]

1. g3 Nf6 2. Bg2 d5 3. c4 dxc4 4. Qa4+ Bd7 5. Qxc4 Nc6 6. Nf3 g6 7. Nc3 Bg7 8.
O-O O-O 9. b4 a6 10. Rb1 Be6 11. Qf4 Nd5 12. Qh4 h6 13. Na4 Nf6 14. d3 g5 15.
Bxg5 hxg5 16. Nxg5 Nd4 17. e4 Bc8 18. Nc3 c6 19. f4 Ne6 20. e5 Nxg5 21. fxg5
Ng4 22. Be4 Qd4+ 23. Kh1 Rd8 24. Qh7+ Kf8 25. Ne2 Qe3 26. Rxf7+ Kxf7 27. Rf1+
Nf2+ 28. Kg2 Rh8 29. Qg6+ Kg8 30. Qe8+ Bf8 31. Qg6+ Bg7 32. Qe8+ 1/2-1/2

[Event "Deutsche Ländermeisterschaft 2014"]
[Site "Hannover GER"]
[Date "2014.10.03"]
[Round "1"]
[White "Ispirjan, Mikael"]
[Black "Gibicar, Danijel"]
[Result "1/2-1/2"]
[Termination "normal"]
[Board "8.2"]
[WhiteElo "1963"]
[BlackElo "2164"]
[WhiteTeam "Mecklenburg-Vorpommern"]
[BlackTeam "Württemberg"]
[PlyCount "104"]
[WhiteFideId "1271217"]
[BlackFideId "24660256"]
[EventCountry "GER"]
[EventRounds "7"]
[EventType "team-swiss"]
[EventDate "2014.10.02"]

1. e4 e6 2. d4 d5 3. Nc3 Bb4 4. e5 c5 5. a3 Bxc3+ 6. bxc3 Ne7 7. Qg4 O-O 8. Bd3
f5 9. exf6 Rxf6 10. Bg5 Rf7 11. Nf3 Nbc6 12. Bxe7 Rxe7 13. Qh4 h6 14. O-O Bd7
15. Rfe1 c4 16. Bg6 Be8 17. Qh5 Qd6 18. Ne5 Nxe5 19. Rxe5 Bxg6 20. Qxg6 Rf8 21.
a4 Qd7 22. a5 Qe8 23. Qg3 Qb5 24. Qe3 Qb2 25. Re1 Qxc2 26. Rxe6 Rxe6 27. Qxe6+
Kh8 28. Qe3 Qa2 29. g4 Qxa5 30. g5 Qb6 31. Qe7 Qd8 32. gxh6 gxh6 33. Qe5+ Qf6
34. Qxf6+ Rxf6 35. Re7 Rb6 36. Rd7 Rb5 37. Kg2 a5 38. Kf3 a4 39. Rd8+ Kg7 40.
Ra8 Rb3 41. Rxa4 Rxc3+ 42. Kf4 b5 43. Ra7+ Kg6 44. Ra6+ Kf7 45. Ra7+ Ke6 46.
Ra6+ Kd7 47. Ke5 b4 48. Kxd5 b3 49. Ra7+ Kc8 50. Kc6 Kb8 51. Rb7+ Ka8 52. Rb4
Rc2 1/2-1/2

[Event "Deutsche Ländermeisterschaft 2014"]
[Site "Hannover GER"]
[Date "2014.10.03"]
[Round "1"]
[White "Höglauer, Patrick"]
[Black "Schumann, Rabea"]
[Result "1-0"]
[Termination "normal"]
[Board "8.3"]
[WhiteElo "2042"]
[BlackElo "1708"]
[WhiteTeam "Württemberg"]
[BlackTeam "Mecklenburg-Vorpommern"]
[PlyCount "83"]
[WhiteFideId "1270548"]
[BlackFideId "12918199"]
[EventCountry "GER"]
[EventRounds "7"]
[EventType "team-swiss"]
[EventDate "2014.10.02"]

1. e4 c5 2. Nc3 Nc6 3. Bb5 Nd4 4. Bc4 d6 5. Nge2 Nxe2 6. Nxe2 Nf6 7. d3 g6 8.
O-O Bg7 9. f4 e6 10. Ng3 d5 11. Bb5+ Bd7 12. Bxd7+ Qxd7 13. e5 Ng8 14. c4 Ne7
15. cxd5 Qxd5 16. Ne4 O-O 17. Be3 b6 18. Nd6 Nf5 19. Nxf5 exf5 20. d4 cxd4 21.
Qxd4 Rfd8 22. Qxd5 Rxd5 23. Rfd1 Rad8 24. Rxd5 Rxd5 25. Rc1 Rd7 26. Kf2 Bf8 27.
Rc8 Kg7 28. Ke2 Be7 29. g3 Bd8 30. Bd2 Rd5 31. Bc3 Kf8 32. Ra8 Rd7 33. e6 fxe6
34. Bf6 Ke8 35. Bxd8 Rxd8 36. Rxa7 Rd7 37. Rxd7 Kxd7 38. Kd3 h6 39. Kd4 Kd6 40.
a4 g5 41. b4 gxf4 42. gxf4 1-0